Classification and indexing in science (Record no. 313)

MARC details
000 -LEADER
fixed length control field 00494nam a2200193Ia 4500
020 ## - INTERNATIONAL STANDARD BOOK NUMBER
ISBN 0-408-70662-7
082 ## - DEWEY DECIMAL CLASSIFICATION NUMBER
Classification number 025.465 VIC-;
100 ## - MAIN ENTRY--AUTHOR NAME
Personal name Vickery, B.C.
245 #0 - TITLE STATEMENT
Title Classification and indexing in science
250 ## - EDITION STATEMENT
Edition statement 3rd
260 ## - PUBLICATION, DISTRIBUTION, ETC. (IMPRINT)
Place of publication London
Name of publisher Butterworths
Year of publication 1958
300 ## - PHYSICAL DESCRIPTION
Number of Pages 228p.
504 ## - BIBLIOGRAPHY, ETC. NOTE
Bibliography, etc Includes index
650 ## - SUBJECT ADDED ENTRY--TOPICAL TERM
Topical Term Classification - Books
650 ## - SUBJECT ADDED ENTRY--TOPICAL TERM
Topical Term Science - Classification
650 ## - SUBJECT ADDED ENTRY--TOPICAL TERM
Topical Term Science - Abstracting and indexing
650 ## - SUBJECT ADDED ENTRY--TOPICAL TERM
Topical Term Library science
942 ## - ADDED ENTRY ELEMENTS (KOHA)
Koha item type Books
Holdings
Withdrawn status Lost status Damaged status Not for loan Home library Current library Date acquired Full call number Accession Number Price effective from Koha item type
        NASSDOC Library NASSDOC Library 08/06/2004 025.465 VIC-; 9004 18/04/2019 Books